[Event "SRB-chT 1st League Men 2018"]
[Site "Valjevo"]
[Date "2018.09.03"]
[Round "4"]
[White "Markovic, Miroslav"]
[Black "Roganovic, Milos"]
[Result "1/2-1/2"]
[WhiteElo "2458"]
[BlackElo "2527"]
[Annotator "TA"]
[PlyCount "77"]
[EventDate "2018.08.31"]
[EventType "team-tourn"]
[EventCountry "SRB"]
[SourceTitle "playchess.com"]
[Source "ChessBase"]
[SourceQuality "1"]

{[%evp 17,77,-21,-17,-16,-26,-22,-19,-38,-39,-41,-43,-39,-34,-50,-23,-32,-18,-26,-16,-43,-25,-51,-24,-24,-6,-24,-19,-20,0,-26,-23,-35,-19,-41,-41,-45,-22,-28,-29,-27,-27,-34,-27,-40,-18,-4,-27,-27,0,0,0,0,0,0,0,0,0,-29,0,0,0,0]} 1. Nf3 c5 2. e4 g6 3. g3 Nc6 4. Bg2 Bg7 5. O-O e5 6. d3 Nge7 7. a3 d6 8. Nc3 {[%cal Bb1c3,Bc3e2,Be2c1,Bc1d3][%mdl 32]} O-O 9. Rb1 {B25: Closed Sicilian: 3 g3, lines without early Be3} (9. Nh4 Be6 10. Be3 h6 11. f4 exf4 12. gxf4 f5 13. Qe1 Nd4 14. Rc1 Kh7 15. Kh1 Qd7 16. Qg3 Rg8 {0-1 (64) Stefanova,A (2500)-Hou,Y (2671) Monaco 2015}) 9... Nd4 {LiveBook: 3 Games} 10. Nxd4 cxd4 11. Ne2 $146 {Black has an edge.} ({Predecessor:} 11. Nd5 Nxd5 12. exd5 Qc7 13. Bd2 Bf5 14. g4 Bd7 15. c4 dxc3 16. Bxc3 f5 {0-1 (32) Stolyar,S (2470)-Neto,H (2442) ICCF email 1999}) 11... d5 12. Bd2 dxe4 13. dxe4 Bg4 14. f3 Be6 15. Nc1 f5 16. Nd3 fxe4 17. fxe4 Qc7 18. Qe2 Rxf1+ 19. Rxf1 Rc8 (19... Qxc2 $5 {[%cal Re6c4]} 20. Rc1 {[#]} Bg4 $1 {[%mdl 512]} 21. Rxc2 Bxe2 $17) 20. Rc1 Rf8 21. h4 h5 22. Bg5 Kh7 23. Qd2 Nc6 {[%cal Be7c6,Bc6a5,Ba5b7,Bb7d6,Bd6f7][%mdl 32]} 24. Kh2 b6 25. Rf1 Rxf1 26. Bxf1 Qc8 27. Nf2 Na5 28. b3 Nb7 29. Qe2 Nd6 30. Bh3 Nf7 31. Bxe6 Qxe6 32. Nh3 Bf6 33. Bxf6 Qxf6 34. Qc4 Kg7 35. Kg2 Qe7 36. b4 Qd7 37. Nf2 Qa4 38. Nd3 Qxa3 39. Qe6 {Precision: White = 67%, Black = 51%.} 1/2-1/2

[Event "SRB-chT 1st League Men 2018"]
[Site "Valjevo"]
[Date "2018.09.03"]
[Round "4"]
[White "Brenjo, Slavisa"]
[Black "Popovic, Dusan"]
[Result "0-1"]
[WhiteElo "2450"]
[BlackElo "2517"]
[Annotator "TA"]
[PlyCount "54"]
[EventDate "2018.08.31"]
[EventType "team-tourn"]
[EventCountry "SRB"]
[SourceTitle "playchess.com"]
[Source "ChessBase"]
[SourceQuality "1"]

{[%evp 15,54,0,16,-12,21,0,0,0,0,-67,-48,-67,-9,-52,-35,-64,-64,-75,-57,-95,-50,-85,-42,-59,-47,-99,-89,-91,-99,-99,-100,-87,-89,-83,-91,-222,-214,-260,-255,-244,-224]} 1. e4 d6 2. d4 Nf6 3. Nc3 e5 4. Nf3 exd4 5. Nxd4 Be7 6. Bc4 O-O 7. Bb3 Na6 8. O-O Nc5 9. Qf3 {C41: Philidor Defence} (9. Re1 c6 10. Bf4 Re8 11. Qd2 Bf8 12. f3 h6 13. Bc4 Bd7 14. a4 a5 15. b3 Qc7 16. Rad1 Rad8 17. Kh1 Bc8 {0-1 (85) Ivanchuk,V (2769)-Mamedyarov,S (2726) Astana 2012}) 9... c6 10. Re1 Bg4 $146 ({Predecessor:} 10... Re8 11. h3 a5 12. a4 Nxb3 13. Nxb3 Nd7 14. Nd4 Bf6 15. Qd1 Nc5 {0-1 (26) Palosz,A (2173)-Juroszek,T (2378) Wysowa 2003}) 11. Qg3 {The position is equal.} Bd7 12. Nf5 ({White should play} 12. h3 $11) 12... Bxf5 $1 $15 13. exf5 Kh8 (13... Re8 $1 $15) 14. Bg5 Qd7 15. Qh4 Rae8 16. g4 Bd8 {[%cal Be7d8,Bd8b6,Bb6c5][%mdl 32]} 17. Rad1 d5 18. Qh3 b5 19. Be3 Bb6 20. Bxc5 ({White must play} 20. Kg2 $1 $15) 20... Bxc5 $17 21. g5 Rxe1+ 22. Rxe1 Re8 23. Rxe8+ Nxe8 24. Ne2 Nd6 25. Ng3 (25. Kg2 $17 {was called for.}) 25... Qe7 $19 26. Qg4 Qe1+ 27. Kg2 Bxf2 {Precision: White = 18%, Black = 57%.} 0-1

[Event "SRB-chT 1st League Men 2018"]
[Site "Valjevo"]
[Date "2018.09.03"]
[Round "4"]
[White "Cabarkapa, Novak"]
[Black "Tosic, Miroslav"]
[Result "1/2-1/2"]
[WhiteElo "2437"]
[BlackElo "2363"]
[Annotator "TA"]
[PlyCount "36"]
[EventDate "2018.08.31"]
[EventType "team-tourn"]
[EventCountry "SRB"]
[SourceTitle "playchess.com"]
[Source "ChessBase"]
[SourceQuality "1"]

{[%evp 9,36,-20,0,-11,0,0,0,-8,-2,-14,-6,-14,-7,-18,-12,-23,-22,-16,-18,-19,-14,-26,-17,-29,-20,-38,-10,-28,-17]} 1. e4 c5 2. a3 e6 (2... Nc6 3. b4 Nf6 4. b5 Nd4 5. c3 Ne6 6. d3 g6 7. g3 Bg7 8. Bg2 O-O 9. Ne2 a6 10. bxa6 Rxa6 {½-½ (51) Nepomniachtchi,I (2751)-Dubov,D (2701) Moscow 2018}) 3. b4 b6 4. Nf3 Bb7 5. bxc5 bxc5 6. Nc3 {B20: Sicilian: Unusual White 2nd moves} Nc6 7. Rb1 $146 ({Predecessor:} 7. Bc4 d6 8. O-O Nf6 9. Rb1 Rb8 10. d4 cxd4 11. Nxd4 {1-0 (41) Boersma,J (2119)-Salov,S (2256) Groningen 2014}) 7... Rb8 8. Bc4 {The position is equal.} Nge7 9. O-O Ng6 10. d3 Ba8 11. Bg5 Rxb1 12. Qxb1 Be7 13. Bxe7 Qxe7 14. Ne2 O-O 15. Ng3 Rb8 16. Qa1 Nf4 17. Re1 d6 18. Ne2 Nxe2+ 1/2-1/2

[Event "SRB-chT 1st League Men 2018"]
[Site "Valjevo"]
[Date "2018.09.03"]
[Round "4"]
[White "Radovanovic, Mihajlo"]
[Black "Drazic, Sinisa"]
[Result "1-0"]
[WhiteElo "2427"]
[BlackElo "2401"]
[Annotator "TA"]
[PlyCount "131"]
[EventDate "2018.08.31"]
[EventType "team-tourn"]
[EventCountry "SRB"]
[SourceTitle "playchess.com"]
[Source "ChessBase"]
[SourceQuality "1"]

{[%evp 9,131,70,71,75,61,68,93,91,94,97,89,87,94,56,85,98,87,72,54,57,71,59,48,52,58,50,93,102,146,154,150,168,178,160,148,132,136,92,106,93,83,66,87,75,120,124,481,150,156,141,159,67,111,32,43,0,0,0,195,174,254,199,339,165,176,166,163,172,392,369,810,782,707,403,645,647,645,639,629,561,702,547,666,629,695,664,661,660,751,537,677,667,2081,1902,3107,2277,2495,2466,12836,3644,12843,12843,12844,12839,12840,12839,12845,12846,12846,12845,12847,12843,12844,12843,12844,12844,12845,12843,12844,12844,12845,12845,12848,12848]} 1. Nf3 g6 2. d4 Bg7 3. e4 {[%cal Be2e4,Be4e5][%mdl 32]} Nf6 4. e5 Ne4 (4... Nd5 5. Bc4 Nb6 6. Bb3 d6 7. Ng5 e6 8. f4 h6 9. Nf3 Nc6 10. c3 Bd7 11. O-O Ne7 12. Qe2 Nf5 13. a4 Bc6 14. Nbd2 dxe5 15. fxe5 Nd5 {1-0 (32) Romanov,E (2631)-Savchenko,B (2553) Voronezh 2012}) 5. c4 c6 6. Bd3 {B06: Modern Defence} Qa5+ 7. Nbd2 d5 8. O-O {White is better.} Nxd2 $146 ({Predecessor:} 8... Bf5 9. Re1 Nxf2 10. Kxf2 Bxd3 11. Nb3 Qa6 12. Nc5 Qxc4 13. Nxd3 {1-0 (13) Sturua,Z (2510)-Kiwitter,J Baden-Baden 1991}) 9. Bxd2 Qd8 10. c5 O-O 11. Nh4 e6 12. Nf3 b6 13. Qc1 Ba6 14. Bxa6 Nxa6 15. cxb6 Qxb6 16. b4 Nb8 17. h4 {[%cal Bh2h4,Bh4h5][%mdl 32]} a5 18. bxa5 Qa6 19. h5 Rc8 20. Bh6 Qxa5 21. Bxg7 Kxg7 22. Qf4 Qd8 23. Rfb1 Ra7 24. Rb3 h6 25. hxg6 fxg6 26. Nh4 Rf7 27. Qg4 Qg5 $2 {[%mdl 8192]} (27... g5 $16 {is more resistant.}) 28. Qh3 $2 (28. Qxe6 $18 {and the rest is easy.} Qxh4 29. Qxc8 Qxf2+ 30. Kh1 Qh4+ 31. Qh3 Qxd4 32. Rab1) 28... Qe7 $16 29. Rab1 Nd7 30. Rb7 ({White should play} 30. Rg3 $1 $16 {[%cal Rg3g6]} g5 31. Nf3) 30... Qe8 31. R1b3 (31. a4 $1 $16) 31... g5 $14 32. Rg3 {Hoping for Nf3.} Nxe5 33. Rbb3 $36 {[%mdl 2048] White is more active.} Nc4 $2 (33... Nd7 $1 $11 {and Black stays safe.}) 34. Nf3 $18 Qe7 (34... Rxf3 $142 35. Rgxf3 Rc7) 35. Qh5 {[%cal Rf3g5] aiming for Nxg5!} Rf5 {[#]} (35... Rxf3 {was necessary.} 36. Rgxf3 Rh8) 36. Nh4 (36. Nxg5 $142 $1 {[%mdl 512]} Rxg5 37. f4) 36... Rf6 {[#]} 37. Rxg5+ $1 {[%mdl 512]} hxg5 38. Qxg5+ Kf8 $2 (38... Kf7 {is a better defense.} 39. Qh5+ Kg8 40. Rg3+ {[#]} Qg7 $1 {[%mdl 512]} 41. Rxg7+ Kxg7 42. Qg5+ Kf7 43. Qh5+ Kg7) 39. Rf3 Rxf3 $2 (39... Rf7 40. Ng6+ Ke8 41. Nxe7 (41. Qxe7+ $2 {perishes.} Rxe7 42. Rf8+ Kd7 $19) 41... Rxe7) 40. Ng6+ Kf7 41. Nxe7 Rc7 (41... Re8 $142 42. Nxc6 Rf6 43. Qh5+ Rg6) 42. Nxd5 {White is clearly winning.} cxd5 43. Qh5+ Ke7 {...Rf7 is the strong threat.} 44. Qxf3 {[%mdl 4096] Endgame KQ-KRN} Ra7 45. Qe2 Rb7 46. a4 Rb1+ 47. Kh2 Rb2 48. Qf3 Rb4 49. Qd1 Kd7 50. g4 Na5 51. g5 Nc6 52. g6 Ne7 53. g7 Rb2 54. Qf3 Ra2 55. Qf7 Kd6 56. g8=Q Nxg8 57. Qxg8 Rxf2+ {KQ-KR} 58. Kg3 Ra2 59. Qd8+ Kc6 60. Qc8+ Kd6 61. a5 Ra3+ 62. Kf4 {White threatens Qc5+ and mate.} Ra1 63. Qc5+ Kd7 64. Qb5+ Ke7 65. Qb4+ Kd7 66. Ke5 {Precision: White = 60%, Black = 37%.} 1-0

[Event "SRB-chT 1st League Men 2018"]
[Site "Valjevo"]
[Date "2018.09.03"]
[Round "4"]
[White "Lajthajm, Borko"]
[Black "Saric, Sinisa"]
[Result "0-1"]
[WhiteElo "2412"]
[BlackElo "2399"]
[Annotator "TA"]
[PlyCount "120"]
[EventDate "2018.08.31"]
[EventType "team-tourn"]
[EventCountry "SRB"]
[SourceTitle "playchess.com"]
[Source "ChessBase"]
[SourceQuality "1"]

{[%evp 16,120,46,31,38,31,46,45,43,15,40,23,25,7,21,0,0,-82,-76,-78,-100,-85,-73,-92,-53,-128,-113,-88,-95,-148,-138,-121,-127,-125,-129,-147,-139,-144,-146,-158,-132,-188,-178,-201,-201,-202,-201,-201,-185,-171,-141,-233,-202,-233,-229,-225,-218,-217,-229,-228,-227,-281,-275,-275,-257,-304,-289,-410,-389,-596,-602,-574,-538,-779,-774,-700,-660,-646,-620,-634,-608,-639,-605,-1841,-1803,-1752,-1769,-1690,-1670,-1537,-1339,-29982,-1187,-3270,-2723,-29961,-29964,-29979,-29979,-29980,-29981,-29983,-29984,-29984,-29985,-29984,-29985]} 1. e4 e5 2. Nf3 d6 3. d4 exd4 4. Nxd4 Nf6 5. Nc3 Be7 6. g3 Nc6 {C41: Philidor Defence} 7. Bg2 Bg4 (7... Nxd4 8. Qxd4 O-O 9. O-O Re8 10. Re1 Be6 11. e5 dxe5 12. Qxd8 Rexd8 13. Bxb7 Rab8 14. Bg2 {½-½ (62) Guseinov,G (2645)-Carlsen,M (2832) chess.com INT 2017}) 8. f3 Bd7 9. Nde2 {LiveBook: 4 Games} O-O 10. b3 $146 ({Predecessor:} 10. O-O Rb8 11. g4 b5 12. g5 Nh5 13. f4 g6 14. b3 {1-0 (30) Olszewski,M (2543)-Borgo,G (2419) Bratto 2010}) 10... Ne5 11. Bb2 Re8 12. h3 c6 13. Qd2 Qc7 14. g4 Ng6 15. h4 Nxh4 16. Rxh4 (16. g5 $11 Nxg2+ 17. Kf1) 16... Nxe4 $1 $17 17. Nxe4 Bxh4+ 18. Kf1 {[#]} d5 $1 {[%cal Rd5e4]} ({Reject} 18... Rxe4 $6 19. fxe4 Bxg4 20. Qf4 $14) 19. Nc5 Re7 {White must now prevent ...Rae8.} 20. Qf4 ({White should try} 20. Nxd7 $15 Qxd7 21. Ba3) 20... Qxf4 21. Nxf4 Rae8 {( -> ...Re1+)} 22. Bc3 {[#]} ({White should play} 22. Ncd3) 22... Bc8 $1 23. Ncd3 f5 24. gxf5 Bxf5 25. Be1 Bxe1 26. Rxe1 Rxe1+ 27. Nxe1 g5 28. Nh3 (28. Bh3 $17) 28... h6 $19 29. Nf2 Kf7 30. Bh3 Bxh3+ 31. Nxh3 Kf6 32. Nd3 Kf5 33. Kf2 (33. Ng1 $17 {was called for.}) 33... b6 34. Ng1 c5 35. Ne2 h5 36. b4 Rc8 37. Ng3+ Kg6 38. b5 h4 39. Nf1 Kf6 40. Ne3 Ke6 41. f4 (41. a4 $142) 41... Rf8 42. Kf3 (42. f5+ $142 Kd6 43. Kf3) 42... d4 43. Nc4 Kd5 44. Nce5 c4 45. Nb4+ Kc5 46. Na6+ Kxb5 47. Nc7+ Kb4 48. Nd5+ Kc5 49. Ke4 h3 50. Nd7+ Kd6 51. Nxf8 h2 52. Kxd4 h1=Q 53. Nf6 Ke7 (53... Qd1+ $142 54. Kc3 Qa1+ 55. Kxc4 Qxf6 56. fxg5 Qxf8 57. Kb4 Qf5 58. Kc3 Qxg5 59. a4 Qe3+ 60. Kc4 Qd2 61. Kb3 Kc5 62. c3 Qd1+ 63. Ka2 Qc2+ 64. Ka1 Kc4 65. a5 Kxc3 66. axb6 Qb2#) 54. N8h7 gxf4 {[%cal Bg5f4,Bf4f3][%mdl 32]} 55. Nd5+ Kd6 {Black mates.} 56. Nhf6 Ke6 57. Kxc4 f3 58. Ne4 Qf1+ 59. Kd4 Qd1+ 60. Ke3 Qxd5 {Precision: White = 48%, Black = 71%.} 0-1

[Event "SRB-chT 1st League Men 2018"]
[Site "Valjevo"]
[Date "2018.09.03"]
[Round "4"]
[White "Radovic, Janko"]
[Black "Lukovic, Vladimir"]
[Result "1/2-1/2"]
[WhiteElo "2405"]
[BlackElo "2439"]
[Annotator "TA"]
[PlyCount "71"]
[EventDate "2018.08.31"]
[EventType "team-tourn"]
[EventCountry "SRB"]
[SourceTitle "playchess.com"]
[Source "ChessBase"]
[SourceQuality "1"]

{[%evp 19,71,-14,0,-12,-23,-35,21,13,40,42,44,43,44,43,39,-16,-7,0,0,-15,-10,-8,-7,-20,-21,-16,0,0,0,0,0,0,0,0,0,0,0,-9,-14,-4,761,-452,185,-387,195,-285,127,-435,0,-430,-22,-433,-41,-203]} 1. e4 e5 2. Nf3 Nc6 3. Bb5 a6 4. Bxc6 dxc6 5. O-O Bd6 6. d4 exd4 7. Qxd4 f6 8. Be3 Ne7 9. Nbd2 Be6 10. h3 {C68: Ruy Lopez: Exchange Variation, sidelines} (10. Qc3 Qd7 11. Rfd1 Ng6 12. Nd4 O-O-O 13. N2b3 Bxb3 14. Qxb3 Bf4 15. Rd2 Bxe3 16. Qxe3 c5 17. Nb3 Qb5 18. Qxc5 Qxc5 19. Rxd8+ Rxd8 20. Nxc5 {½-½ (66) Kovalenko,I (2657)-Matlakov,M (2714) Minsk 2017}) 10... Ng6 {LiveBook: 3 Games} 11. Rad1 $146 ({Predecessor:} 11. Nc4 Bxc4 12. Qxc4 Qe7 13. Rfe1 O-O-O 14. Rad1 Rhe8 15. Bc1 c5 {½-½ (60) Mikhailov,V (2326)-Halkias,S (2581) St Petersburg 2012}) 11... Qe7 12. Nc4 {Black has an edge.} Bb4 ({Black should play} 12... Bxc4 $15 13. Qxc4 O-O-O) 13. c3 $11 Rd8 (13... Bc5 $5 14. Qxc5 Qxc5 15. Bxc5 Bxc4 $14) 14. Qxd8+ Qxd8 15. Rxd8+ Kxd8 16. Rd1+ Kc8 17. Ncd2 (17. Nd4 $14 Bxc4 18. cxb4) 17... Bd6 18. Nd4 Bd7 19. Nc4 Re8 20. Nxd6+ cxd6 21. Ne2 Kc7 22. Ng3 Ne5 23. f4 Nf7 24. Kf2 c5 25. Nh5 Rg8 26. Bc1 Bc6 27. Re1 Kd7 28. b4 b6 29. g4 g6 $2 {[%mdl 8192] [#]} (29... Ke6 $11) 30. Be3 $4 {[%mdl 8192]} (30. Nxf6+ $18 Kd8 31. Nxg8) 30... Kc7 $4 {[%mdl 8192]} (30... gxh5 $19 {and life is good for Black.} 31. Kf3 Kc7) 31. Bd2 $4 {[%mdl 8192]} (31. Nxf6 $18 Rd8 32. Kg3) 31... Re8 $4 {[%mdl 8192]} (31... gxh5 $19 32. gxh5 h6) 32. bxc5 $4 {[%mdl 8192]} (32. Nxf6 $18 {was the only winning move.} Rd8 33. Kg3 (33. Nxh7 Rh8 $14)) 32... bxc5 $2 (32... gxh5 $19 33. cxb6+ Kb7 34. gxh5 Bxe4) 33. Be3 $2 {[%mdl 8192] [#]} (33. Nxf6 $16 {is forced if you want to stay better.} Rb8 34. Be3 (34. Nxh7 Rh8 $16)) 33... Rxe4 $2 (33... gxh5 $19 34. Bd2 hxg4 35. hxg4 Rxe4) 34. a3 $2 {[%mdl 8192]} (34. Nxf6 $11 {and White has nothing to worry.} Ra4 35. Re2) 34... f5 $2 (34... gxh5 $19 35. gxh5 Nh6) 35. gxf5 $2 {[%mdl 8192]} (35. Nf6 $11) 35... gxf5 $2 (35... gxh5 $19 36. Rg1 Kd8) 36. h4 $2 {Precision: White = 24%, Black = 29%.} ({Better is} 36. Rg1 $15) 1/2-1/2

[Event "SRB-chT 1st League Men 2018"]
[Site "Valjevo"]
[Date "2018.09.03"]
[Round "4"]
[White "Leskur, Dejan"]
[Black "Arsovic, Zoran"]
[Result "1/2-1/2"]
[WhiteElo "2389"]
[BlackElo "2422"]
[Annotator "TA"]
[PlyCount "117"]
[EventDate "2018.08.31"]
[EventType "team-tourn"]
[EventCountry "SRB"]
[SourceTitle "playchess.com"]
[Source "ChessBase"]
[SourceQuality "1"]

{[%evp 23,117,0,5,-14,-14,-14,-10,-11,-9,-14,0,0,0,-13,-13,-19,-11,-27,-25,-28,-31,-32,0,0,0,-4,0,-62,0,0,0,0,0,-4,0,0,0,0,45,36,39,16,32,18,90,90,90,90,94,66,71,71,124,124,124,124,124,124,124,124,124,112,112,112,112,112,112,112,112,112,112,112,112,112,112,112,112,112,112,112,112,112,112,112,112,112,112,0,112,112,112,56,56,63,73,90]} 1. Nf3 Nf6 2. b3 c5 3. Bb2 e6 4. e3 b6 5. d4 Bb7 6. Bd3 Be7 7. O-O O-O 8. c4 cxd4 9. exd4 d6 10. Nbd2 Nbd7 11. Re1 Re8 {E14: Queen's Indian: Classical Variation (4 e3)} 12. a3 Bf8 {LiveBook: 3 Games} 13. Rc1 g6 {[#] The position is equal.} 14. b4 $146 ({Predecessor:} 14. Rc2 Bg7 15. Ng5 Rc8 16. Nde4 Nxe4 17. Nxe4 Nf6 18. Nxf6+ Bxf6 19. Qa1 {0-1 (81) Dgebuadze,A (2528)-Kovalyov,A (2525) Conegliano 2008}) 14... Bh6 15. Rc2 Rc8 16. Bf1 Bg7 17. Qa1 a5 18. Bc3 axb4 19. axb4 Ra8 20. Ra2 Qc7 21. Rxa8 Rxa8 22. Qb2 Ne8 23. h3 Qc8 24. Rc1 Qb8 25. c5 (25. Be2 $11) 25... Bxf3 (25... Qd8 $15) 26. Nxf3 $11 bxc5 27. dxc5 Nxc5 {[#] Threatens to win with ...Na4.} 28. Bxg7 Nxg7 29. Nd4 Qb6 30. Bb5 Rb8 31. Nc6 $1 {[%cal Rc6b8]} Qxb5 32. Nxb8 Qxb8 33. Qc3 $36 {[%mdl 2048] White fights for an advantage.} h5 (33... Nd7 $11 {remains equal.} 34. Qc8+ Qxc8 35. Rxc8+ Nf8) 34. bxc5 $16 dxc5 35. Qxc5 {[%mdl 4096] Endgame KQR-KQN} Nf5 36. g4 hxg4 37. hxg4 Nh6 ({Black should try} 37... Nh4) 38. g5 Nf5 {[#] intending ...Qf4.} 39. Qc8+ $1 Qxc8 40. Rxc8+ {KR-KN} Kg7 41. Kg2 Nd6 42. Rc7 Ne4 43. f4 Nd6 44. Kf3 Kf8 45. Ke3 Nf5+ 46. Ke4 Ne7 47. Ke5 Nd5 48. Ra7 (48. Rc4 {feels hotter.} Ke8 49. Rc2 Ke7 50. Ke4 Kf8 51. Rc8+) 48... Kg7 49. Ra4 Kf8 50. Kd6 Kg7 51. Rd4 Kf8 52. Kd7 Nb6+ 53. Kc7 Nd5+ 54. Kd8 Nb6 55. Kc7 Nd5+ 56. Kd6 Nb6 57. Kc6 ({White should play} 57. Rb4 $16 Nd5 58. Rb8+ Kg7 59. Ke5) 57... Nd5 $14 58. Ra4 Ke7 $1 59. Ra7+ {Precision: White = 68%, Black = 70%.} 1/2-1/2

[Event "SRB-chT 1st League Men 2018"]
[Site "Valjevo"]
[Date "2018.09.03"]
[Round "4"]
[White "Radlovacki, Jovan"]
[Black "Omorjan, Dejan"]
[Result "1-0"]
[WhiteElo "2312"]
[BlackElo "2260"]
[Annotator "NA"]
[PlyCount "79"]
[EventDate "2018.08.31"]
[EventType "team-tourn"]
[EventCountry "SRB"]
[SourceTitle "playchess.com"]
[Source "ChessBase"]
[SourceQuality "1"]
[TimeControl "40/5400+30:1800+30"]

1. e4 {[%emt 1:30:30]} c5 {[%emt 1:30:30]} 2. Nf3 {[%emt 0:00:30]} d6 {[%emt 0:00:30]} 3. d4 {[%emt 0:00:30]} cxd4 {[%emt 0:00:30]} 4. Qxd4 {[%emt 0:00:30]} a6 {[%emt 0:00:30]} 5. c4 {[%emt 0:00:30]} Nc6 {[%emt 0:00:30]} 6. Qe3 {[%emt 0:00:30]} g6 {[%emt 0:00:30] B53: Sicilian: 2...d6: Lines with Qxd4} (6... Bg4 7. Nd4 g6 8. Nc3 Bg7 9. Nxc6 bxc6 10. h3 Be6 11. Be2 Nf6 12. O-O O-O 13. f4 Qa5 14. Bd2 {1-0 (50) Karjakin,S (2763)-Nepomniachtchi,I (2751) Moscow 2018}) 7. h3 {[%emt 0:00:30] LiveBook: 117 Partien} Bg7 {[%emt 0:00:30]} 8. Be2 {[%emt 0:00:30]} Nf6 {[%emt 0:00:30]} 9. O-O {[%emt 0:00:30]} O-O {[%emt 0:00:30]} 10. Nc3 {[%emt 0:00:30]} Be6 {[%emt 0:00:30]} 11. Rb1 {[%emt 0:00:30]} Nd7 {[%emt 0:00:30]} 12. b3 {[%emt 0:00:30]} Nde5 {[%emt 0:00:30]} 13. Ng5 $146 {[%emt 0:00:30]} Bd7 {[%emt 0:00:30]} 14. Rd1 {[%emt 0:00:30]} h6 {[%emt 0:00:30]} 15. Nf3 {[%emt 0:00:30]} f5 {[%emt 0:00:30]} 16. c5 {[%emt 0:00:30]} f4 {[%emt 0:00:30]} 17. Qd2 {[%emt 0:00:30]} Nxf3+ {[%emt 0:00:30]} 18. Bxf3 {[%emt 0:00:30]} Nd4 {[%emt 0:00:30]} 19. Ba3 {[%emt 0:00:30]} e5 {[%emt 0:00:30]} 20. Qd3 $17 {[%emt 0:00:30]} Qa5 {[%emt 0:00:30]} 21. Qc4+ {[%emt 0:00:30]} Be6 {[%emt 0:00:30]} 22. Bb4 {[%emt 0:00:30]} Qd8 {[%emt 0:00:30]} 23. Qd3 {[%emt 0:00:30]} Qg5 {[%emt 0:00:30]} 24. Kf1 {[%emt 0:00:30]} dxc5 {[%emt 0:00:30]} 25. Bxc5 {[%emt 0:00:30]} Rfd8 {[%emt 0:00:30]} 26. Nd5 {[%emt 0:00:30]} Bxd5 {[%emt 0:00:30]} 27. exd5 {[%emt 0:00:30]} Rac8 {[%emt 0:00:30]} 28. Bxd4 {[%emt 0:00:30]} exd4 {[%emt 0:00:30]} 29. Rbc1 {[%emt 0:00:30]} Rc3 {[%emt 0:00:30]} 30. Qe4 {[%emt 0:00:30]} Qf6 {[%emt 0:00:30]} 31. Rc2 {[%emt 0:00:30]} Qd6 {[%emt 0:00:30]} 32. Re2 {[%emt 0:00:30]} Rc7 {[%emt 0:00:30]} 33. Rde1 {[%emt 0:00:30]} Kh7 {[%emt 0:00:30]} 34. Qb1 {[%emt 0:00:30]} Rdc8 {[%emt 0:00:30]} 35. Re6 {[%emt 0:00:30]} Qb4 {[%emt 0:00:30]} 36. Qxg6+ {[%emt 0:00:30]} Kh8 {[%emt 0:00:30]} 37. Re8+ {[%emt 0:00:30]} Bf8 {[%emt 0:00:30]} 38. Qxh6+ {[%emt 0:00:30]} Rh7 {[%emt 0:00:30]} 39. Qf6+ {[%emt 0:00:30]} Rg7 {[%emt 0:00:30]} 40. Rxc8 {[%emt 0:00:30]} 1-0

[Event "SRB-chT 1st League Men 2018"]
[Site "Valjevo"]
[Date "2018.09.03"]
[Round "4"]
[White "Maksimovic, Branimir"]
[Black "Bogosavljevic, Boban"]
[Result "1-0"]
[WhiteElo "2306"]
[BlackElo "2518"]
[Annotator "TA"]
[PlyCount "62"]
[EventDate "2018.08.31"]
[EventType "team-tourn"]
[EventCountry "SRB"]
[SourceTitle "playchess.com"]
[Source "ChessBase"]
[SourceQuality "1"]

{[%evp 17,62,0,0,0,0,0,0,0,0,0,0,0,0,0,0,-172,0,0,0,-86,486,417,601,600,593,593,593,597,1189,1031,997,972,2550,1059,1004,1008,980,950,1901,1855,2339,1381,1373,1352,1774,1465,29986]} 1. d4 Nf6 2. c4 e6 3. Nc3 Bb4 4. e3 O-O 5. Bd2 d5 6. Nf3 b6 7. Rc1 Bb7 8. cxd5 {E51: Nimzo-Indian: Rubinstein: 4...0-0 5 Nf3 d5} exd5 9. Bd3 Nbd7 {LiveBook: 5 Games} (9... Be7 10. O-O c5 11. Ne5 Nc6 12. Be1 a6 13. f3 cxd4 14. Nxc6 Bxc6 15. exd4 Bb7 16. Bh4 Nh5 17. Bxe7 Qxe7 {1-0 (59) Yu,Y (2759)-Wang,H (2710) Tianjin 2018}) 10. a3 {The position is equal.} Be7 11. O-O a6 12. Ne5 $146 ({Predecessor:} 12. Bb1 c5 13. Qe2 Re8 14. Rfd1 Qc7 15. Be1 Rad8 16. Qc2 g6 17. Ne2 {½-½ (17) Hvenekilde,J (2315)-Klartansson,D Copenhagen 1996}) 12... Nxe5 13. dxe5 Nd7 14. f4 ({Much weaker is} 14. Qh5 g6 $17) 14... Nc5 15. Bxh7+ Kxh7 16. Qh5+ Kg8 {Threatens to win with ...d4.} 17. Rf3 $1 {[%cal Rf3h3]} g6 18. Rg3 (18. Qh6 $11 Bc8 19. Rd1) 18... Ne6 $2 {[%mdl 8192]} (18... Kg7 $1 $17 {and life is bright. Hoping for ...Bh4.} 19. f5 Rh8 20. Rxg6+ fxg6 21. Qxg6+ Kf8) 19. Qh6 $1 $18 Ng7 (19... Bh4 $142) 20. Rh3 {[%csl Gh3][%cal Rh6h8] White is clearly winning.} Nh5 {[#] ...d4 is the strong threat.} 21. Ne4 $1 {[%cal Re4f6][%mdl 512]} dxe4 {[#]} 22. Bc3 $1 Qd3 {[#]} 23. e6 $1 {[%csl Gc3][%cal Rh6h8][%mdl 512]} Qxc3 (23... fxe6 24. Qxg6+) 24. Rxc3 c5 {[#]} 25. g4 (25. f5 $142 $1 {[%mdl 512]} Rfd8 (25... gxf5 26. Rxh5) 26. fxg6 Rd1+ 27. Kf2 Rd2+ 28. Kf1 Ng3+ 29. hxg3 Rd1+ 30. Ke2) 25... Rad8 26. gxh5 Rd1+ 27. Kf2 Rd2+ 28. Ke1 Rfd8 29. exf7+ Kxf7 30. hxg6+ {[%cal Bh5g6,Bg6g7][%mdl 32]} Ke6 31. g7+ Kf7 {Precision: White = 82%, Black = 33%.} 1-0